[Event "IV Festival B"]
[Site "Ischia ITA"]
[Date "1997.07.??"]
[Round "7"]
[White "Lemma, Vittorio"]
[Black "Lorenzotti, Fabrizio"]
[Result "0-1"]
[WhiteElo "1708"]
[BlackElo "1576"]
[PlyCount "65"]
[EventDate "1997.07.10"]

1. e4 c5 2. Nc3 Nc6 3. g3 g6 4. d3 Bg7 5. Bg2 d6 6. f4 Nf6 7. Nf3 Bg4 8. h3 Bd7
9. O-O a6 10. g4 Qc8 11. Nh2 Nd4 12. Ne2 Nc6 13. c3 h6 14. Be3 Nh7 15. Ng3 h5
16. gxh5 Bxh3 17. hxg6 fxg6 18. Bxh3 Qxh3 19. Qg4 Qxh2+ 20. Kxh2 Nf6+ 21. Qh3
Ng4+ 22. Kg2 Nxe3+ 23. Kh2 Nxf1+ 24. Nxf1 Rxh3+ 25. Kxh3 Kd7 26. Ne3 Bh6 27.
Kg4 e5 28. Nd5 Rf8 29. f5 gxf5+ 30. exf5 Ne7 31. Nxe7 Kxe7 32. Rh1 Rg8+ 33. Kf3
0-1

[Event "C.to Italiano U14"]
[Site "Porto San Giorgio ITA"]
[Date "1997.07.??"]
[Round "?"]
[White "Costantini, Roberto"]
[Black "Mogranzini, Roberto"]
[Result "0-1"]
[WhiteElo "1927"]
[BlackElo "1834"]
[PlyCount "106"]
[EventDate "1997.07.05"]

1. e4 c5 2. Nf3 d6 3. d4 cxd4 4. Nxd4 Nf6 5. Nc3 a6 6. Be3 e6 7. f3 Be7 8. Qd2
Nc6 9. g4 Nd7 10. O-O-O Nde5 11. Qg2 Na5 12. Kb1 Qc7 13. g5 b5 14. Bd3 Bb7 15.
h4 Nac4 16. Bc1 O-O-O 17. Rhe1 Kb8 18. Qf1 Nxd3 19. Qxd3 Ka8 20. b3 Ne5 21. Qe3
Rc8 22. Bb2 Nc6 23. Nxc6 Qxc6 24. Qd3 Rhd8 25. Ne2 e5 26. Nc3 Qc5 27. Re2 h6
28. Rg2 hxg5 29. hxg5 Rh8 30. Nd5 Bxd5 31. Qxd5+ Qxd5 32. exd5 Rh4 33. Bc1 Rch8
34. Be3 Rh3 35. Rf1 e4 36. Rgf2 f6 37. Bd4 fxg5 38. fxe4 g4 39. Rf7 Bg5 40. Kb2
g3 41. Rxg7 g2 42. Rg1 R8h5 43. Ra7+ Kb8 44. a4 Rh1 45. Rxa6 Bf6 46. Bxf6 Rxg1
47. Bd4 Rd1 48. c3 Rxd4 49. cxd4 g1=Q 50. Rxd6 Qxd4+ 51. Ka3 Qc5+ 52. Kb2 Rh2+
53. Ka1 Qc1# 0-1

[Event "C.to Italiano U14"]
[Site "Porto San Giorgio ITA"]
[Date "1997.07.??"]
[Round "?"]
[White "Drabke, Lorenz Maximilian"]
[Black "Mogranzini, Roberto"]
[Result "1/2-1/2"]
[WhiteElo "1681"]
[BlackElo "1834"]
[PlyCount "54"]
[EventDate "1997.07.05"]

1. e4 c5 2. Nf3 d6 3. d4 cxd4 4. Nxd4 Nf6 5. Nc3 a6 6. Be2 e6 7. O-O Be7 8. a4
b6 9. f4 Bb7 10. Bf3 Qc7 11. Qe1 O-O 12. Qg3 Nbd7 13. Bd2 Rfe8 14. Rae1 Qc4 15.
Nb3 e5 16. Be2 Qc7 17. Bd3 Kh8 18. Kh1 Rab8 19. Qf3 Nc5 20. Nxc5 bxc5 21. fxe5
dxe5 22. b3 Red8 23. Bg5 Rd7 24. Bxf6 Bxf6 25. Bc4 Rd6 26. Nd5 Bxd5 27. Bxd5
Rb4 1/2-1/2

[Event "C.to Italiano U14"]
[Site "Porto San Giorgio ITA"]
[Date "1997.07.??"]
[Round "?"]
[White "Mogranzini, Roberto"]
[Black "Ballarini, Andrea"]
[Result "1-0"]
[WhiteElo "1834"]
[BlackElo "1615"]
[PlyCount "71"]
[EventDate "1997.07.05"]

1. e4 d6 2. d4 Nf6 3. Nc3 g6 4. f3 Bg7 5. Be3 c6 6. Qd2 h5 7. O-O-O Qc7 8. h3
Nbd7 9. f4 Nb6 10. Nf3 Bd7 11. Qf2 O-O-O 12. Bd3 Rde8 13. Kb1 Bh6 14. Ng5 Ref8
15. a4 Kd8 16. a5 Nc8 17. e5 dxe5 18. dxe5 Bxg5 19. fxg5 Nd5 20. Bd4 Be6 21.
Ne4 Qxa5 22. Nc5 Kc7 23. Bxg6 Kb8 24. Nxe6 fxe6 25. Qg3 Nf4 26. Be4 Ne2 27. Qb3
Nxd4 28. Rxd4 Qxe5 29. Rhd1 Nb6 30. Bf3 Kc7 31. Re4 Qxg5 32. Qxe6 Nd5 33. Re5
Qf6 34. Bxd5 Qxe6 35. Bxe6 Rd8 36. Rde1 1-0

[Event "C.to Italiano U14"]
[Site "Porto San Giorgio ITA"]
[Date "1997.07.??"]
[Round "?"]
[White "Mogranzini, Roberto"]
[Black "Bonacina, Silvano"]
[Result "1-0"]
[WhiteElo "1834"]
[BlackElo "1591"]
[PlyCount "89"]
[EventDate "1997.07.05"]

1. e4 c5 2. Nf3 d6 3. d4 cxd4 4. Nxd4 Nf6 5. Nc3 g6 6. Be3 Bg7 7. f3 O-O 8. Qd2
Bd7 9. Bc4 Nc6 10. O-O-O Ne5 11. Bb3 Rc8 12. g4 Nc4 13. Bxc4 Rxc4 14. h4 Qa5
15. Kb1 Rfc8 16. h5 Qb4 17. a3 Qa5 18. Nb3 Qa6 19. hxg6 fxg6 20. Bd4 e5 21. Be3
R8c6 22. Bh6 Rxc3 23. bxc3 Qxa3 24. Bxg7 Kxg7 25. Qc1 Qa4 26. Kb2 Ra6 27. Qh6+
Kg8 28. Ra1 Qc4 29. Rxa6 bxa6 30. Qe3 Qc7 31. Rd1 a5 32. Qd3 Ne8 33. Qd5+ Kg7
34. Qxa5 Qxa5 35. Nxa5 Kf7 36. Nc4 Ke7 37. Rh1 Nf6 38. Ne3 Be6 39. c4 Bg8 40.
Nd5+ Nxd5 41. cxd5 Kf6 42. Kc3 Kg5 43. Kd3 h5 44. gxh5 gxh5 45. Rg1+ 1-0

[Event "C.to Italiano U14"]
[Site "Porto San Giorgio ITA"]
[Date "1997.07.??"]
[Round "?"]
[White "Mogranzini, Roberto"]
[Black "De Bortoli, Peter"]
[Result "1/2-1/2"]
[WhiteElo "1834"]
[BlackElo "2085"]
[PlyCount "61"]
[EventDate "1997.07.05"]

1. e4 c5 2. Nf3 d6 3. d4 cxd4 4. Nxd4 Nf6 5. Nc3 a6 6. Be2 e6 7. O-O Be7 8. Kh1
Qc7 9. a4 b6 10. f4 Bb7 11. Bf3 Nbd7 12. f5 e5 13. Nb3 Rd8 14. Qe1 O-O 15. g4
d5 16. exd5 e4 17. Nxe4 Nxe4 18. Qxe4 Bd6 19. Qe2 Ne5 20. Be4 Rfe8 21. Qg2 Nd7
22. Bg5 f6 23. Bh4 Re7 24. Nd4 Rxe4 25. Qxe4 Nc5 26. Qg2 Be5 27. Nf3 Bxd5 28.
Bg3 Bxg3 29. hxg3 Ne4 30. Kh2 Ng5 31. Rad1 1/2-1/2

[Event "C.to Italiano U14"]
[Site "Porto San Giorgio ITA"]
[Date "1997.07.??"]
[Round "?"]
[White "Mogranzini, Roberto"]
[Black "Luperini, Alessio"]
[Result "1-0"]
[WhiteElo "1834"]
[BlackElo "1738"]
[PlyCount "100"]
[EventDate "1997.07.05"]

1. e4 c5 2. Nf3 d6 3. d4 cxd4 4. Nxd4 Nf6 5. Nc3 g6 6. Be3 Bg7 7. f3 Nc6 8. Qd2
O-O 9. Bc4 a6 10. Bb3 Bd7 11. O-O-O Rc8 12. g4 Ne5 13. h4 Nc4 14. Bxc4 Rxc4 15.
h5 b5 16. hxg6 fxg6 17. e5 dxe5 18. Ne6 Bxe6 19. Qxd8 Rxd8 20. Rxd8+ Kf7 21.
Bg5 b4 22. Ne2 Rc5 23. Bxf6 Bxf6 24. Rxh7+ Bg7 25. b3 e4 26. fxe4 Bxg4 27. Rh2
Rh5 28. Rxh5 gxh5 29. Kd2 h4 30. Ke1 h3 31. Kf2 h2 32. Rd1 Bd4+ 33. Kg2 Be5 34.
Rf1+ Kg6 35. Ng3 Kg5 36. Nf5 e6 37. Ne3 Be2 38. Rf2 Bh5 39. Nf1 Bg6 40. Nxh2
Bxe4+ 41. Kf1 Bg3 42. Rd2 Kf4 43. Kg1 Ke3 44. Nf1+ Kf4 45. Nxg3 Kxg3 46. Kf1
Kf3 47. Ke1 Ke3 48. Kd1 Kf4 49. Ke2 Kg5 50. Ke3 Bf5 1-0

[Event "C.to Italiano U14"]
[Site "Porto San Giorgio ITA"]
[Date "1997.07.??"]
[Round "?"]
[White "Piscopo, Pierluigi"]
[Black "Mogranzini, Roberto"]
[Result "1-0"]
[WhiteElo "1645"]
[BlackElo "1834"]
[PlyCount "98"]
[EventDate "1997.07.05"]

1. e4 c5 2. Nf3 d6 3. d4 cxd4 4. Nxd4 Nf6 5. Nc3 a6 6. Bc4 e6 7. Bb3 b5 8. a4
b4 9. Na2 Be7 10. O-O O-O 11. Nxb4 Bb7 12. Be3 Nxe4 13. f3 Nc5 14. c3 Nxb3 15.
Qxb3 Qc8 16. Rfe1 Kh8 17. Rad1 Nd7 18. Nd3 Rb8 19. Qc2 Nf6 20. Kh1 Nd5 21. Bf2
Ba8 22. Ne2 Qb7 23. Rb1 Rfc8 24. Bd4 e5 25. Bf2 Bg5 26. Ng3 Qb3 27. Qxb3 Rxb3
28. Ne4 Be7 29. Re2 Nxc3 30. Rc1 d5 31. Nxc3 d4 32. Bxd4 exd4 33. Rxe7 dxc3 34.
Rxc3 Rbxc3 35. bxc3 Bd5 36. Nb4 Bc4 37. Ra7 h6 38. Nxa6 Bxa6 39. Rxa6 Rxc3 40.
h4 f6 41. a5 Kh7 42. Kh2 Ra3 43. f4 Ra4 44. g3 f5 45. Ra8 h5 46. a6 g6 47. a7
Kh6 48. Kh3 Ra2 49. Rd8 Rxa7 1-0

[Event "IV Festival A"]
[Site "Campobasso ITA"]
[Date "1997.10.03"]
[Round "1"]
[White "Crudele, Michele"]
[Black "Marzano, Carlo"]
[Result "0-1"]
[WhiteElo "1800"]
[BlackElo "2160"]
[PlyCount "80"]
[EventDate "1997.10.03"]

1. Nf3 d5 2. b3 c6 3. Bb2 Nf6 4. d3 Bg4 5. Nbd2 Nbd7 6. e4 e5 7. Be2 Bd6 8. O-O
O-O 9. Re1 Re8 10. h3 Bh5 11. Nh2 Bg6 12. Bf3 Nc5 13. Nhf1 Qc7 14. g4 h6 15.
Ng3 Rad8 16. Qe2 Ne6 17. Qf1 Nf4 18. Rad1 Nd7 19. a3 Qb6 20. Bc1 Bc5 21. Nh1 a5
22. Nb1 dxe4 23. dxe4 Nf8 24. Nc3 Qc7 25. Ng3 N8e6 26. Na4 Bd4 27. c3 Ba7 28.
h4 b5 29. Nb2 Qe7 30. Nf5 Bxf5 31. exf5 Qxh4 32. Bg2 Ng5 33. Bxf4 exf4 34. Rxd8
Rxd8 35. Rd1 Rxd1 36. Nxd1 f3 37. f6 Qxg4 38. Ne3 Bxe3 39. fxe3 fxg2 40. Qd3
Nh3+ 0-1

[Event "IV Festival A"]
[Site "Campobasso ITA"]
[Date "1997.10.03"]
[Round "1"]
[White "Cucinella, Vincenzo"]
[Black "Ljubisavljevic, Zivojin Z."]
[Result "0-1"]
[WhiteElo "1971"]
[BlackElo "2305"]
[PlyCount "89"]
[EventDate "1997.10.03"]

1. Nf3 c5 2. e4 d6 3. d3 Nc6 4. Nbd2 e5 5. g3 Be7 6. Bg2 Be6 7. O-O Qd7 8. Re1
Bh3 9. Bh1 h5 10. Nf1 h4 11. Ne3 hxg3 12. fxg3 Nf6 13. c3 Nh5 14. d4 cxd4 15.
cxd4 exd4 16. Nxd4 Nxd4 17. Qxd4 Bf6 18. e5 dxe5 19. Qxd7+ Bxd7 20. Bxb7 Rb8
21. Bf3 Be7 22. Nd5 Bd6 23. b4 f5 24. Bb2 e4 25. a3 Kf7 26. Be2 Nxg3 27. hxg3
Rh3 28. Bf1 Rxg3+ 29. Bg2 Rb3 30. Bd4 Be6 31. Ne3 f4 32. Bxe4 fxe3 33. Rxe3
Rxe3 34. Bxe3 a6 35. Rf1+ Kg8 36. Bf4 Rb6 37. Bxd6 Rxd6 38. Kg2 Rd4 39. Re1 Kf7
40. Kf3 g5 41. Re3 Kf6 42. Rd3 Rc4 43. Re3 Rc1 44. Bb7 Bc4 45. Be4 0-1

[Event "IV Festival A"]
[Site "Campobasso ITA"]
[Date "1997.10.03"]
[Round "1"]
[White "Di Gianni, Rocco"]
[Black "Corvi, Marco"]
[Result "0-1"]
[WhiteElo "1912"]
[BlackElo "2260"]
[PlyCount "100"]
[EventDate "1997.10.03"]

1. d4 f5 2. g3 Nf6 3. Bg2 g6 4. Nh3 Bg7 5. O-O O-O 6. c4 c6 7. Nc3 d6 8. d5 e5
9. dxe6 Bxe6 10. b3 Na6 11. Ng5 Qe7 12. Bf4 Rad8 13. Qc2 Bc8 14. Rad1 Nh5 15.
Nh3 Nxf4 16. Nxf4 Qf6 17. Rc1 Rfe8 18. e3 Nc5 19. h4 h6 20. Rfd1 g5 21. Nh5
Qxc3 22. Qxc3 Bxc3 23. Rxc3 Kf7 24. Bf3 Kg6 25. Kg2 f4 26. Rd4 fxe3 27. Rxe3
Rxe3 28. fxe3 Bf5 29. g4 Bb1 30. b4 Ne6 31. Rd1 Bxa2 32. Rd2 Bb1 33. b5 cxb5
34. cxb5 Nc5 35. hxg5 hxg5 36. Ng3 b6 37. Bc6 Kg7 38. e4 Ne6 39. Nf5+ Kf6 40.
Nxd6 Nf4+ 41. Kf3 Ke6 42. Nc4 Rxd2 43. Nxd2 Ba2 44. Ke3 Kd6 45. Nf3 Ne6 46. e5+
Kc5 47. Bd7 Bc4 48. Kd2 Nf8 49. Be8 Bd5 50. Ke3 Bxf3 0-1

[Event "IV Festival A"]
[Site "Campobasso ITA"]
[Date "1997.10.03"]
[Round "1"]
[White "Gagliardi, Pietro"]
[Black "Simeoni, Matteo"]
[Result "1-0"]
[WhiteElo "2185"]
[BlackElo "1830"]
[PlyCount "74"]
[EventDate "1997.10.03"]

1. e4 c5 2. Nf3 d6 3. d3 Nc6 4. g3 g6 5. Bg2 Bg7 6. O-O Nf6 7. Nc3 O-O 8. h3
Rb8 9. Kh2 b5 10. Be3 Nd7 11. Qd2 b4 12. Nd1 Re8 13. Bh6 Bh8 14. Nh4 e5 15. Ne3
Nf6 16. Rae1 Nd4 17. Bg5 Qd7 18. f4 exf4 19. gxf4 Ne6 20. Bh6 Qa4 21. f5 Nf8
22. Nc4 Qa6 23. Bf4 N8d7 24. Bf3 Ne5 25. b3 Bb7 26. Bh1 Rf8 27. Nxe5 dxe5 28.
Rg1 Rbd8 29. Qf2 Qd6 30. Bh6 Rfe8 31. Bf3 Bc8 32. Be3 Nd7 33. Rg2 Qe7 34. fxg6
fxg6 35. Nxg6 hxg6 36. Rxg6+ Kf7 37. Bh5+ Nf6 1-0

[Event "IV Festival A"]
[Site "Campobasso ITA"]
[Date "1997.10.03"]
[Round "1"]
[White "Gambardella, Piero"]
[Black "Ficco, Corrado"]
[Result "1/2-1/2"]
[WhiteElo "1692"]
[BlackElo "2105"]
[PlyCount "60"]
[EventDate "1997.10.03"]

1. d4 Nf6 2. c4 c5 3. d5 b5 4. cxb5 a6 5. f3 d6 6. e4 g6 7. a4 Bg7 8. Na3 O-O
9. Ne2 e6 10. Nc3 Bb7 11. bxa6 Nxa6 12. dxe6 fxe6 13. Qb3 Qd7 14. Bb5 Qe7 15.
Bg5 h6 16. Bh4 g5 17. Bf2 d5 18. O-O Nb4 19. exd5 Bxd5 20. Nxd5 exd5 21. Nc2
Nxc2 22. Qxc2 c4 23. Bd4 Ne8 24. Qc3 Bxd4+ 25. Qxd4 Qa7 26. Rad1 Nc7 27. Qxa7
Rxa7 28. Bc6 Rf6 29. Bxd5+ Nxd5 30. Rxd5 Rxa4 1/2-1/2

[Event "IV Festival A"]
[Site "Campobasso ITA"]
[Date "1997.10.03"]
[Round "1"]
[White "Lagumina, Giulio"]
[Black "Petruccioli, Antonio"]
[Result "1-0"]
[WhiteElo "2265"]
[BlackElo "1944"]
[PlyCount "81"]
[EventDate "1997.10.03"]

1. d4 d5 2. c4 c6 3. cxd5 cxd5 4. Nc3 Nc6 5. Bf4 Nf6 6. e3 a6 7. Bd3 e6 8. Rc1
Bd6 9. Bxd6 Qxd6 10. f4 O-O 11. Nf3 Ng4 12. Bxh7+ Kxh7 13. Ng5+ Kg8 14. Qxg4 f6
15. Nf3 e5 16. Qh5 exf4 17. Qxd5+ Qxd5 18. Nxd5 fxe3 19. Nb6 Rb8 20. d5 Nb4 21.
Rc4 Nd3+ 22. Ke2 Bf5 23. Nd4 Bg6 24. Ne6 Rfe8 25. Rc7 Kh8 26. Rf1 Ne5 27. Rf4
Bh5+ 28. Kxe3 g5 29. Re4 Bg6 30. Rxe5 fxe5 31. g4 Bb1 32. a3 Ba2 33. Nxg5 e4
34. Rh7+ Kg8 35. Nd7 Rf8 36. Nxb8 Rxb8 37. d6 Bd5 38. Rc7 Rd8 39. d7 Kf8 40.
Kd4 e3 41. Kxd5 1-0

[Event "IV Festival A"]
[Site "Campobasso ITA"]
[Date "1997.10.03"]
[Round "1"]
[White "Passerotti, Pierluigi"]
[Black "Pizzuto, Samuele Tullio"]
[Result "1-0"]
[WhiteElo "2310"]
[BlackElo "2161"]
[PlyCount "69"]
[EventDate "1997.10.03"]

1. d4 f5 2. Nf3 Nf6 3. Bg5 d5 4. e3 Ne4 5. Bf4 e6 6. Ne5 Nf6 7. g4 fxg4 8. h3
g3 9. Bxg3 Be7 10. Bd3 O-O 11. Nd2 c5 12. c3 Nc6 13. h4 Qe8 14. h5 Nxe5 15.
dxe5 Nd7 16. Qc2 h6 17. O-O-O c4 18. Bh7+ Kh8 19. Bf4 Nc5 20. Rdg1 Nd3+ 21.
Bxd3 cxd3 22. Qxd3 Rf5 23. Rg6 Qf8 24. Nf3 Rxf4 25. exf4 Qxf4+ 26. Qe3 Qf7 27.
Rhg1 Bd7 28. Rxg7 Qxg7 29. Rxg7 Kxg7 30. Qd3 Be8 31. Nd4 Bg5+ 32. Kc2 Bf7 33.
Qg3 Kf8 34. f4 Be7 35. Qg4 1-0

[Event "IV Festival A"]
[Site "Campobasso ITA"]
[Date "1997.10.03"]
[Round "1"]
[White "Tonelli, Claudio"]
[Black "Capuano, Eugenio"]
[Result "1/2-1/2"]
[WhiteElo "1791"]
[BlackElo "2130"]
[PlyCount "113"]
[EventDate "1997.10.03"]

1. d4 f5 2. Nf3 Nf6 3. h3 d6 4. Bf4 g6 5. e3 Bg7 6. Bc4 e6 7. Nbd2 O-O 8. O-O
Nc6 9. a4 Kh8 10. c3 Qe7 11. Bg5 h6 12. Bh4 g5 13. Nxg5 hxg5 14. Bxg5 Qf7 15.
f4 Nh7 16. h4 Bd7 17. Nf3 Nf6 18. Bxf6 Bxf6 19. Ng5 Bxg5 20. hxg5 Kg7 21. d5
exd5 22. Bxd5 Be6 23. Bf3 a5 24. Bh5 Bb3 25. Bxf7 Bxd1 26. Rfxd1 Rxf7 27. Kf2
Ne7 28. Rh1 Rh8 29. Rh3 Rxh3 30. gxh3 Kg6 31. Rd1 Rh7 32. Kg3 Nc8 33. Rd5 b6
34. e4 Ne7 35. Rd4 fxe4 36. Rxe4 Kf5 37. Rd4 d5 38. b4 c6 39. bxa5 bxa5 40. Rd1
Ng6 41. Re1 Nxf4 42. h4 Ng6 43. Rf1+ Ke5 44. Re1+ Kf5 45. Rf1+ Ke4 46. Re1+ Kd3
47. Re6 Nxh4 48. Rxc6 Nf5+ 49. Kf4 Ne3 50. g6 Rg7 51. Kg5 Nd1 52. Rc5 Nxc3 53.
Rxa5 d4 54. Kh6 Rb7 55. Ra8 Kc4 56. Rc8+ Kb4 57. Rd8 1/2-1/2

[Event "IV Festival A"]
[Site "Campobasso ITA"]
[Date "1997.10.03"]
[Round "2"]
[White "Capuano, Eugenio"]
[Black "Occhipinti, Massimo"]
[Result "1-0"]
[WhiteElo "2130"]
[BlackElo "1749"]
[PlyCount "87"]
[EventDate "1997.10.03"]

1. e4 c5 2. c3 d6 3. d4 cxd4 4. cxd4 Nf6 5. Nc3 Nc6 6. Nf3 Bg4 7. d5 Ne5 8.
Nxe5 Bxd1 9. Bb5+ Nd7 10. Bxd7+ Qxd7 11. Nxd7 Bh5 12. Nxf8 Rxf8 13. Be3 a6 14.
f3 b5 15. Kd2 f5 16. exf5 b4 17. Na4 Rxf5 18. Nb6 Rb8 19. g4 Rxb6 20. Bxb6
Rxd5+ 21. Ke2 Bg6 22. Rhd1 Rb5 23. Be3 h5 24. h3 Re5 25. Rd4 a5 26. b3 Rb5 27.
a3 bxa3 28. Rxa3 Bc2 29. Rda4 Bxb3 30. Rxa5 Bc4+ 31. Kd2 Rb1 32. Rxh5 d5 33.
Re5 Rb7 34. Ra7 Rxa7 35. Bxa7 Kf7 36. h4 g6 37. Ke3 e6 38. Kf4 Kf6 39. Re1 Bd3
40. Bd4+ Kf7 41. Rc1 Bc4 42. Ra1 Bd3 43. Ra7+ Ke8 44. Ke5 1-0

[Event "IV Festival A"]
[Site "Campobasso ITA"]
[Date "1997.10.03"]
[Round "2"]
[White "Corvi, Marco"]
[Black "Lagumina, Giulio"]
[Result "0-1"]
[WhiteElo "2260"]
[BlackElo "2265"]
[PlyCount "96"]
[EventDate "1997.10.03"]

1. e4 e5 2. Nf3 d6 3. d4 exd4 4. Nxd4 g6 5. Nc3 Bg7 6. Be2 Nc6 7. Be3 Nf6 8.
Nxc6 bxc6 9. O-O O-O 10. Qd2 Re8 11. Bf3 Bb7 12. Rfe1 Re6 13. g3 c5 14. Bh6
Bxh6 15. Qxh6 Qe7 16. Qf4 Re8 17. Kg2 Nxe4 18. Nxe4 Bxe4 19. Bxe4 Rxe4 20. Rxe4
Qxe4+ 21. Qxe4 Rxe4 22. Kf3 f5 23. Rd1 Rd4 24. Re1 Kf7 25. Re3 a5 26. Ra3 a4
27. b3 axb3 28. axb3 Ke6 29. Ke2 Re4+ 30. Kf3 Kd5 31. Ra7 Re7 32. Ra4 g5 33. h4
h6 34. h5 Re4 35. Ra8 g4+ 36. Kg2 Kd4 37. Rh8 Re6 38. Rg8 Kc3 39. Rg6 Re7 40.
Rxh6 Kxc2 41. Rf6 Kxb3 42. Rxf5 c4 43. f3 c3 44. fxg4 c2 45. Rf1 d5 46. h6 d4
47. g5 Rh7 48. Kf3 Rf7+ 0-1

[Event "IV Festival A"]
[Site "Campobasso ITA"]
[Date "1997.10.03"]
[Round "2"]
[White "Di Carlo, Romeo"]
[Black "Campanile, Antonio"]
[Result "1/2-1/2"]
[WhiteElo "2115"]
[BlackElo "2155"]
[PlyCount "80"]
[EventDate "1997.10.03"]

1. d4 f5 2. g3 Nf6 3. Bg2 g6 4. c4 Bg7 5. Nc3 d6 6. Nh3 O-O 7. d5 Na6 8. Nf4
Qe8 9. O-O Bd7 10. Rb1 c6 11. b4 Nc7 12. Bb2 g5 13. dxc6 bxc6 14. Nh3 h6 15. b5
cxb5 16. Nxb5 Nxb5 17. cxb5 Rc8 18. Bd4 Rc7 19. a4 Ne4 20. Qb3+ Kh7 21. Bxg7
Kxg7 22. Qb2+ Kh7 23. Kh1 Nc5 24. Qb4 Qh5 25. Ng1 Qg4 26. Bf3 Qxb4 27. Rxb4 Nb7
28. e3 Rfc8 29. Ne2 e5 30. Bd5 Na5 31. Rbb1 Rc2 32. Nc1 R8c5 33. e4 Rd2 34. Nb3
Nxb3 35. Rxb3 Rcc2 36. Kg1 f4 37. gxf4 gxf4 38. a5 Rb2 39. Rb1 Rbc2 40. Rf1 Rb2
1/2-1/2

[Event "IV Festival A"]
[Site "Campobasso ITA"]
[Date "1997.10.03"]
[Round "2"]
[White "Ficco, Corrado"]
[Black "Tonelli, Claudio"]
[Result "1-0"]
[WhiteElo "2105"]
[BlackElo "1791"]
[PlyCount "94"]
[EventDate "1997.10.03"]

1. e4 c5 2. Nf3 e6 3. d4 cxd4 4. Nxd4 a6 5. Be2 Nc6 6. O-O Qc7 7. Nc3 Nge7 8.
Kh1 Nxd4 9. Qxd4 Nc6 10. Qd3 Nb4 11. Qd1 b5 12. a3 Nc6 13. f4 Bc5 14. e5 Nd4
15. Bd3 Bb7 16. Ne4 Be7 17. Be3 Nf5 18. Bf2 Rc8 19. Qe2 Qc6 20. Rae1 h5 21. Qf3
Qc7 22. Qh3 h4 23. g4 g6 24. Kg1 Kf8 25. Re2 Rg8 26. Ng5 Rg7 27. gxf5 gxf5 28.
Bxh4 Qb6+ 29. Re3 Bc5 30. Bf2 Bxe3 31. Bxe3 Qc6 32. Kf2 Kg8 33. Rg1 a5 34. Rg3
b4 35. Nh7 Rxg3 36. Nf6+ Kf8 37. Qxg3 Ke7 38. axb4 axb4 39. Ke2 Qh1 40. h4 b3
41. cxb3 Bg2 42. Qf2 Bb7 43. Bc5+ Kd8 44. Bd6 Rc1 45. Ke3 Rc3 46. bxc3 Qc6 47.
Qg3 Qb6+ 1-0

[Event "IV Festival A"]
[Site "Campobasso ITA"]
[Date "1997.10.03"]
[Round "2"]
[White "Galasso, Luigi"]
[Black "Di Gianni, Rocco"]
[Result "0-1"]
[WhiteElo "1791"]
[BlackElo "1912"]
[PlyCount "109"]
[EventDate "1997.10.03"]

1. Nf3 c5 2. g3 b6 3. Bg2 Bb7 4. d3 g6 5. e4 Bg7 6. c3 Nf6 7. O-O O-O 8. Nbd2
Nc6 9. a4 Ba6 10. Qc2 d5 11. exd5 Nxd5 12. Nc4 Qc7 13. Re1 Rad8 14. Bd2 Rd7 15.
Rab1 Bb7 16. Rbd1 a6 17. Ne3 Nf6 18. d4 cxd4 19. cxd4 Rfd8 20. Bc3 b5 21. axb5
axb5 22. d5 Nxd5 23. Nxd5 Rxd5 24. Rxd5 Rxd5 25. Bxg7 Kxg7 26. Qc3+ Kg8 27. h4
b4 28. Qc4 Qd6 29. Ng5 Na5 30. Qe2 Rd2 31. Qxe7 Qxe7 32. Rxe7 Bxg2 33. Kxg2
Rxb2 34. g4 Rc2 35. h5 gxh5 36. gxh5 Rc5 37. f4 b3 38. h6 Kf8 39. Re1 Rc6 40.
Nxh7+ Kg8 41. Ng5 Rxh6 42. Re5 Rb6 43. Ne4 Nc4 44. Re8+ Kg7 45. Nc3 Nd2 46. Rd8
Rc6 47. Na4 Rc2 48. Rb8 Rc4 49. Nb2 Rxf4 50. Kg3 Rf1 51. Re8 Ne4+ 52. Kh3 Rf3+
53. Kg4 Rf2 54. Nc4 f5+ 55. Kh4 0-1

[Event "IV Festival A"]
[Site "Campobasso ITA"]
[Date "1997.10.03"]
[Round "2"]
[White "Ljubisavljevic, Zivojin Z."]
[Black "Gagliardi, Pietro"]
[Result "1-0"]
[WhiteElo "2305"]
[BlackElo "2185"]
[PlyCount "43"]
[EventDate "1997.10.03"]

1. e4 c6 2. d4 d5 3. Nc3 dxe4 4. Nxe4 Bf5 5. Ng3 Bg6 6. f4 e6 7. Nf3 Nf6 8. Bc4
Nbd7 9. O-O Nb6 10. Bb3 Be7 11. Ne5 O-O 12. f5 exf5 13. h4 c5 14. c3 cxd4 15.
h5 Nxh5 16. Nxh5 Bd6 17. cxd4 Qh4 18. Nf4 Rad8 19. Qe1 Qf6 20. Bd2 Kh8 21. Qg3
Be7 22. Bc3 1-0

[Event "IV Festival A"]
[Site "Campobasso ITA"]
[Date "1997.10.03"]
[Round "2"]
[White "Marzano, Carlo"]
[Black "Passerotti, Pierluigi"]
[Result "0-1"]
[WhiteElo "2160"]
[BlackElo "2310"]
[PlyCount "79"]
[EventDate "1997.10.03"]

1. d4 f5 2. e4 fxe4 3. Nc3 Nf6 4. g4 h6 5. f3 d5 6. fxe4 dxe4 7. h3 Nc6 8. Be3
e5 9. dxe5 Qxd1+ 10. Rxd1 Nxe5 11. Nb5 Bb4+ 12. Bd2 Bd6 13. Bc3 Ke7 14. Nxd6
cxd6 15. Bxe5 dxe5 16. Bc4 Be6 17. Bxe6 Kxe6 18. Ne2 Rhc8 19. c3 Rd8 20. Rxd8
Rxd8 21. Ng3 Rd3 22. Nf5 Kf7 23. Ke2 h5 24. Ne3 hxg4 25. hxg4 Kg6 26. Rf1 b6
27. Rg1 Kg5 28. Rf1 g6 29. Rg1 Nd7 30. Rf1 Nc5 31. Nc4 Rh3 32. Nxe5 Nd3 33.
Nxd3 exd3+ 34. Kd2 Rh2+ 35. Kxd3 Rxb2 36. a4 Ra2 37. Kc4 Rxa4+ 38. Kb5 Ra5+ 39.
Kc6 Kxg4 40. Rg1+ 0-1

[Event "IV Festival A"]
[Site "Campobasso ITA"]
[Date "1997.10.03"]
[Round "2"]
[White "Petruccioli, Antonio"]
[Black "Crudele, Michele"]
[Result "1-0"]
[WhiteElo "1944"]
[BlackElo "1800"]
[PlyCount "75"]
[EventDate "1997.10.03"]

1. e4 e6 2. d4 d5 3. exd5 exd5 4. Bd3 Bd6 5. Nf3 Bg4 6. O-O Ne7 7. Re1 Nd7 8.
Bg5 f6 9. Bd2 c6 10. h3 Bh5 11. c4 dxc4 12. Bxc4 Qc7 13. Nc3 O-O-O 14. Rc1 Kb8
15. a4 g5 16. Be6 Ka8 17. Ne4 Bg6 18. Nxd6 Qxd6 19. b4 Nf8 20. Bc4 h5 21. b5 g4
22. bxc6 Nxc6 23. d5 Ne5 24. Nxe5 fxe5 25. Bg5 Re8 26. Bb5 Nd7 27. hxg4 e4 28.
Qd2 Ref8 29. Bxd7 Qxd7 30. a5 hxg4 31. g3 Rf3 32. a6 Rd3 33. axb7+ Qxb7 34. Qf4
Qxd5 35. Qf6 Rg8 36. Be3 Qd6 37. Qb2 Rb8 38. Qg7 1-0

[Event "IV Festival A"]
[Site "Campobasso ITA"]
[Date "1997.10.03"]
[Round "2"]
[White "Pizzuto, Samuele Tullio"]
[Black "Gambardella, Piero"]
[Result "1-0"]
[WhiteElo "2161"]
[BlackElo "1692"]
[PlyCount "77"]
[EventDate "1997.10.03"]

1. e4 e6 2. Nf3 d5 3. Nc3 Nf6 4. e5 Nfd7 5. d4 c5 6. dxc5 Nc6 7. Bf4 Bxc5 8.
Bd3 f6 9. exf6 Nxf6 10. Ne5 O-O 11. O-O Bd7 12. Nxc6 bxc6 13. Qe2 Bd4 14. Be5
Bxe5 15. Qxe5 Qb6 16. b3 c5 17. Ne2 Qb8 18. Qg5 e5 19. f3 Qb6 20. Kh1 Rae8 21.
Ng3 Rf7 22. Rae1 Rfe7 23. Bf5 Bb5 24. Rg1 e4 25. fxe4 dxe4 26. c4 Bc6 27. Qe3
Rd8 28. Rd1 Ree8 29. Rxd8 Rxd8 30. Nxe4 Bxe4 31. Bxe4 Qb8 32. Bf3 Rd4 33. Re1
Qd6 34. Kg1 Rd2 35. Bd5+ Rxd5 36. cxd5 Qxd5 37. Qe6+ Qxe6 38. Rxe6 Kf7 39. Ra6
1-0

[Event "IV Festival A"]
[Site "Campobasso ITA"]
[Date "1997.10.03"]
[Round "2"]
[White "Simeoni, Matteo"]
[Black "Cucinella, Vincenzo"]
[Result "1/2-1/2"]
[WhiteElo "1830"]
[BlackElo "1971"]
[PlyCount "71"]
[EventDate "1997.10.03"]

1. e4 c5 2. Nf3 e6 3. d4 cxd4 4. Nxd4 Nc6 5. Nb5 d6 6. c4 Nf6 7. N1c3 a6 8. Na3
Be7 9. Be2 O-O 10. O-O b6 11. Be3 Bb7 12. Qb3 Nd7 13. Rfd1 Qc7 14. Rac1 Nce5
15. f3 Rac8 16. Na4 Nc5 17. Nxc5 bxc5 18. Nb1 Nc6 19. Nc3 Rb8 20. Qc2 Nd4 21.
Qb1 Ba8 22. Bd3 h6 23. b3 Bf6 24. Qb2 Qa5 25. Qd2 Qd8 26. Bb1 Bg5 27. f4 Bf6
28. Qd3 e5 29. Nd5 Bxd5 30. exd5 g6 31. Rf1 Qe7 32. Rce1 Rfe8 33. Bc1 Qd7 34.
fxe5 Bxe5 35. Bxh6 Qg4 36. Qh3 1/2-1/2

[Event "IV Festival A"]
[Site "Campobasso ITA"]
[Date "1997.10.04"]
[Round "3"]
[White "Campanile, Antonio"]
[Black "Ficco, Corrado"]
[Result "1/2-1/2"]
[WhiteElo "2155"]
[BlackElo "2105"]
[PlyCount "66"]
[EventDate "1997.10.03"]

1. c4 Nf6 2. g3 e5 3. Bg2 d5 4. cxd5 Nxd5 5. Nc3 Nb6 6. Nf3 Nc6 7. O-O Be7 8.
d3 O-O 9. Be3 Be6 10. a3 Nd5 11. Nxd5 Bxd5 12. Rc1 Qd7 13. Bc5 f6 14. Qa4 Rfd8
15. Bxe7 Nxe7 16. Qxd7 Rxd7 17. Bh3 Rd6 18. Rxc7 Kf8 19. Nh4 Rb6 20. Rc2 Bb3
21. Rd2 g5 22. Ng2 h5 23. Ne3 Rd8 24. Rc1 g4 25. Bg2 Rd7 26. Rc5 Kf7 27. h3 Be6
28. hxg4 hxg4 29. Rdc2 Rbd6 30. f3 b6 31. Rc7 Nf5 32. Nxf5 Bxf5 33. Kf2 Ke7
1/2-1/2